000 00490nam a2200145 i 4500
001 bg
245 0 _aKatalog Nakładów Rzeczowych nr 5-03 /
_cMinisterstwo Transportu, Żeglugi i Łączności ; [Biuro Studiów i Projektów Łączności. T.1: Budowa linii. T.2: Przebudowa linii.
254 _aKNR5-03
260 _aWarszawa :
_bWydawnictwa Akcydensowe,
_c1988.
650 9 _atelekomunikacja
040 _cBPK
041 _apl
942 _cKA
008 s pl f |000 0 pol
999 _c10105
_d10105
856 _uhttp://koha.tu.koszalin.pl/cgi-bin/koha/opac-detail.pl?biblionumber=10105
_yKatalog online BPK